00678nam a2200181 a 450000100100000000500170001000800410002704000250006808200220009310000330011524500850014825000110023326000640024430000210030850400300032995201200035999900170047900003651720200930075757.0120119s1977 cr 000 0 spa d aDO-SdBNPbspacBNPHU axxxxbC961t, 19771 aCuadra, Pablo Antonio96276510aTierra que habla :bantología de Cantos Nicaraguenses /cPablo Antonio Cuadra. a2a ed. aCosta Rica :bEditora Universitaria Centroamericana,c1977. a181 p. ;c17 cm. aBibliografía: p.177-181 001050718MOaGRbGRcCTd2012-01-19iLF1l0oxxxx C961t, 1977p36518-10r2020-06-25w2020-06-25y1ZNo se presta c36008d36008